HELB - BAC 1 - Histoire - Photographie - Statistics

General Stats
  • This quiz has been taken 11 times
    7 since last reset
  • The average score is 31 of 256
Answer Stats
Hint Answer % Correct
Artiste Nadar
71%
Thème F/64
57%
Artiste Salvador Dali
43%
Date 1826
29%
Date 1872
29%
Date 1936
29%
Thème Bauhaus
29%
Thème Documentaire
29%
Artiste Eugène Atget
29%
Thème Futurisme
29%
Artiste Julia Margareth Cameron
29%
Artiste Man Ray
29%
Thème Nouvelle Vision
29%
Thème Photographie Sociale
29%
Thème Surréalisme
29%
Date 1853
14%
Date 1856
14%
Date 1864
14%
Date 1889
14%
Date 1896
14%
Date 1902
14%
Date 1913
14%
Date 1915
14%
Date 1919
14%
Date 1920
14%
Date 1922
14%
Date 1923
14%
Date 1925
14%
Date 1926
14%
Date 1927
14%
Date 1928
14%
Date 1929
14%
Date 1930
14%
Date 1932
14%
Date 1933
14%
Date 1937
14%
Thème Ailleurs
14%
Artiste Alfred Stieglitz
14%
Titre Autoportrait
14%
Thème Bourgeoisie
14%
Artiste Charles Marville
14%
Thème Dadaïsme
14%
Thème Début
14%
Titre Egouts de Paris
14%
Titre Flat Iron
14%
Artiste Jacob Riis
14%
Titre Le phénomène de l’Extase
14%
Artiste Lewis Hine
14%
Artiste Marcel Duchamp
14%
Titre Migrant Mother
14%
Artiste Nicéphore Niepce
14%
Thème Pictorialisme
14%
Titre Point de vue du Gras
14%
Thème Portrait
14%
Thème Rapport à l'Art
14%
Titre Rayogramme
14%
Date 1845
0%
Date 1850
0%
Date 1857
0%
Date 1859
0%
Date 1860
0%
Date 1861
0%
Date 1865
0%
Date 1867
0%
Date 1878
0%
Date 1880
0%
Date 1886
0%
Date 1892 - 1914
0%
Date 1905
0%
Date 1907
0%
Date 1909
0%
Date 1916
0%
Titre Abstraction
0%
Artiste Adolphe Braun
0%
Artiste Albert Fermique
0%
Artiste Alexandre Rodtchenko
0%
Artiste André Disderi
0%
Titre Anita nue
0%
Artiste Ansel Adams
0%
Titre Ascension de la Grande Pyramide
0%
Artiste Auguste Sander
0%
Titre Au Tambour, Quai de la Tournelle
0%
Titre Autoportrait Photomontage
0%
Artiste Bayer
0%
Titre Blind Woman
0%
Titre Carte de Visite
0%
Titre Chronographe
0%
Titre Construction de la Statue de la Liberté
0%
Titre Critique d’Art
0%
Titre Dada Ernst
0%
Titre Dada Montage
0%
Titre Dali et le Crâne
0%
Artiste David Hill
0%
Titre Deux Façons de Vivre
0%
Titre Dieu le huitième jour
0%
Artiste Dorothea Lange
0%
Artiste Dug Doyle
0%
Artiste Edward Steichen
0%
Artiste Edward Weston
0%
Titre El Escusado, Mexico
0%
Titre Etudes de Figure n°6
0%
Artiste Eugène Durieu
0%
Thème Évènements
0%
Artiste Francis Picabia
0%
Artiste Frederick Evans
0%
Artiste Frères Bragaglia
0%
Artiste Gustave Le Gray
0%
Titre Half Dome
0%
Artiste Hannah Höch
0%
Artiste Henri Béchart
0%
Artiste Hertz Feld
0%
Artiste Imogène Cunningham
0%
Artiste James Black
0%
Artiste Joseph Albert
0%
Titre La femme du Pêcheur
0%
Titre La fille des Mines de Shevington
0%
Titre La petite fileuse, Caroline du Nord
0%
Titre La Terrasse et le Parc d’Harewood House
0%
Titre le Brick sur l’Eau
0%
Titre Le fumeur
0%
Titre Le Portrait de Ruth Shaw
0%
Titre L’Escalier
0%
Titre Les Combles de Kelmscott Manor
0%
Artiste Les Frères Bragaglia
0%
Titre Les Larmes
0%
Titre l’éventail
0%
Titre Le violoniste
0%
Titre l’Urinoir
0%
Titre Maison
0%
Titre Maître Pâtissier
0%
Artiste Marey et Muybridge
0%
Artiste Maxime Ducamp
0%
Titre Mère Italienne et son enfant
0%
Titre Métropolitain solitaire
0%
Artiste Moholy-Nagy
0%
Titre Monolith
0%
Titre Nature Morte
0%
Titre Nautilus
0%
Titre Nude
0%
Titre Oranges and Bowls
0%
Artiste Oscar Rejlander
0%
Date pas de date
0%
Artiste Paul Strand
0%
Titre Pepper
0%
Titre Percement de l’Avenue de l’Opéra
0%
Artiste Philippe Halsman
0%
Titre Photogramme
0%
Titre Photomontage
0%
Titre Portrait d'Alice Liddel
0%
Titre Portrait d'Edouard Manet
0%
Titre Portrait de Franz Lizst
0%
Titre Portrait de Georges Sand
0%
Titre Portrait de Louis II de Bavière
0%
Artiste Raoul Hausmann
0%
Artiste René Magritte
0%
Artiste Roger Fenton
0%
Titre Scadogramme
0%
Titre Steerage
0%
Titre Tableau Rastadada
0%
Titre Tatline chez lui
0%
Titre Temple d'Abou-Simbel
0%
Titre Two Callas
0%
Titre Vue de Boston
0%
No matching quizzes found
Score Distribution
Percent of People with Each Score
Percentile by Number Answered
Your Score History
You have not taken this quiz since the last reset